Loading...
| Mythology | 0 | 4 | 1 | 1 | 35 | 107 | 131.75 | 2 | 4 |
| Science - Chemistry | 0 | 3 | 0 | 2 | 30 | 109 | 124.67 | 1 | 3 |
| History - European History | 0 | 2 | 0 | 2 | 20 | 126 | 127.50 | 0 | 2 |
| Fine Arts - Auditory Fine Arts | 0 | 2 | 0 | 0 | 20 | 129 | 136.00 | 0 | 2 |
| History - American History | 0 | 2 | 0 | 1 | 20 | 112 | 114.50 | 1 | 2 |
| Literature - British Literature | 0 | 2 | 0 | 0 | 20 | 121 | 134.00 | 0 | 2 |
| Literature - European Literature | 0 | 2 | 0 | 1 | 20 | 125 | 130.00 | 1 | 2 |
| Science - Biology | 0 | 2 | 0 | 0 | 20 | 92 | 92.50 | 1 | 2 |
| Fine Arts - Other Fine Arts | 0 | 1 | 0 | 1 | 10 | 128 | 128.00 | 0 | 1 |
| Fine Arts - Visual Fine Arts | 0 | 1 | 0 | 1 | 10 | 118 | 118.00 | 0 | 1 |
| Philosophy | 0 | 1 | 0 | 0 | 10 | 139 | 139.00 | 0 | 1 |
| Science - Other Science | 0 | 1 | 0 | 0 | 10 | 136 | 136.00 | 0 | 1 |
| Science - Physics | 0 | 1 | 0 | 0 | 10 | 99 | 99.00 | 0 | 1 |
| History - Other History | 0 | 1 | 0 | 0 | 10 | 126 | 126.00 | 0 | 1 |
| Literature - American Literature | 0 | 1 | 0 | 1 | 10 | 148 | 148.00 | 1 | 1 |
| Religion | 0 | 0 | 0 | 0 | 0 | 0.00 | 0 | 0 |